<?xml version="1.0" encoding="UTF-8"?>
<record
    xmlns:xsi="http://www.w3.org/2001/XMLSchema-instance"
    xsi:schemaLocation="http://www.loc.gov/MARC21/slim http://www.loc.gov/standards/marcxml/schema/MARC21slim.xsd"
    xmlns="http://www.loc.gov/MARC21/slim">

  <leader>00466nam a22001457a 4500</leader>
  <controlfield tag="005">20251124155004.0</controlfield>
  <controlfield tag="008">251124b        |||||||| |||| 00| 0 eng d</controlfield>
  <datafield tag="022" ind1=" " ind2=" ">
    <subfield code="a">978-81-8038-879-8</subfield>
  </datafield>
  <datafield tag="100" ind1=" " ind2=" ">
    <subfield code="a">WIDDICOMBE</subfield>
  </datafield>
  <datafield tag="245" ind1=" " ind2=" ">
    <subfield code="a">THE ALL ENGLAND LAW REPORTS 2009</subfield>
  </datafield>
  <datafield tag="260" ind1=" " ind2=" ">
    <subfield code="a">LONDON</subfield>
    <subfield code="b">LEXISNEXIS</subfield>
    <subfield code="c">2009</subfield>
  </datafield>
  <datafield tag="300" ind1=" " ind2=" ">
    <subfield code="a">XX, 1130P.</subfield>
  </datafield>
  <datafield tag="650" ind1=" " ind2=" ">
    <subfield code="a">1. LAW REPORTS, DIGESTS ETC- ENGLAND AND WALES 2.LAW- ENGLAND AND WALES -CASES 3. COURTS -ENGLAND AND WALES</subfield>
  </datafield>
  <datafield tag="942" ind1=" " ind2=" ">
    <subfield code="2">lcc</subfield>
    <subfield code="c">REF</subfield>
  </datafield>
  <datafield tag="999" ind1=" " ind2=" ">
    <subfield code="c">216268</subfield>
    <subfield code="d">216268</subfield>
  </datafield>
  <datafield tag="952" ind1=" " ind2=" ">
    <subfield code="0">0</subfield>
    <subfield code="1">0</subfield>
    <subfield code="2">lcc</subfield>
    <subfield code="4">0</subfield>
    <subfield code="6">KD0288 A45  02009 V.00003</subfield>
    <subfield code="7">0</subfield>
    <subfield code="8">LAW</subfield>
    <subfield code="9">373619</subfield>
    <subfield code="a">KSUL</subfield>
    <subfield code="b">KSUL</subfield>
    <subfield code="c">DISPLAY</subfield>
    <subfield code="d">2025-11-24</subfield>
    <subfield code="i">11074</subfield>
    <subfield code="l">0</subfield>
    <subfield code="o">KD 288 .A45 2009 V.3</subfield>
    <subfield code="p">000000001803</subfield>
    <subfield code="r">2025-11-24 15:52:00</subfield>
    <subfield code="t">C.4</subfield>
    <subfield code="w">2025-11-24</subfield>
    <subfield code="y">REF</subfield>
  </datafield>
  <datafield tag="952" ind1=" " ind2=" ">
    <subfield code="0">0</subfield>
    <subfield code="1">0</subfield>
    <subfield code="2">lcc</subfield>
    <subfield code="4">0</subfield>
    <subfield code="6">KD0288 A45  02009 V.00003</subfield>
    <subfield code="7">0</subfield>
    <subfield code="8">LAW</subfield>
    <subfield code="9">373620</subfield>
    <subfield code="a">KSUL</subfield>
    <subfield code="b">KSUL</subfield>
    <subfield code="c">DISPLAY</subfield>
    <subfield code="d">2025-11-24</subfield>
    <subfield code="i">11071</subfield>
    <subfield code="l">0</subfield>
    <subfield code="o">KD 288 .A45 2009 V.3</subfield>
    <subfield code="p">000000001804</subfield>
    <subfield code="r">2025-11-24 15:52:00</subfield>
    <subfield code="t">C.1</subfield>
    <subfield code="w">2025-11-24</subfield>
    <subfield code="y">REF</subfield>
  </datafield>
  <datafield tag="952" ind1=" " ind2=" ">
    <subfield code="0">0</subfield>
    <subfield code="1">0</subfield>
    <subfield code="2">lcc</subfield>
    <subfield code="4">0</subfield>
    <subfield code="6">KD0288 A45  02009 V.00003</subfield>
    <subfield code="7">0</subfield>
    <subfield code="8">LAW</subfield>
    <subfield code="9">373621</subfield>
    <subfield code="a">KSUL</subfield>
    <subfield code="b">KSUL</subfield>
    <subfield code="c">DISPLAY</subfield>
    <subfield code="d">2025-11-24</subfield>
    <subfield code="i">11072</subfield>
    <subfield code="l">0</subfield>
    <subfield code="o">KD 288 .A45 2009 V.3</subfield>
    <subfield code="p">000000002085</subfield>
    <subfield code="r">2025-11-24 15:52:00</subfield>
    <subfield code="t">C.2</subfield>
    <subfield code="w">2025-11-24</subfield>
    <subfield code="y">REF</subfield>
  </datafield>
  <datafield tag="952" ind1=" " ind2=" ">
    <subfield code="0">0</subfield>
    <subfield code="1">0</subfield>
    <subfield code="2">lcc</subfield>
    <subfield code="4">0</subfield>
    <subfield code="6">KD0288 A45  02009 V.00003</subfield>
    <subfield code="7">0</subfield>
    <subfield code="8">LAW</subfield>
    <subfield code="9">373622</subfield>
    <subfield code="a">KSUL</subfield>
    <subfield code="b">KSUL</subfield>
    <subfield code="c">DISPLAY</subfield>
    <subfield code="d">2025-11-24</subfield>
    <subfield code="i">11073</subfield>
    <subfield code="l">0</subfield>
    <subfield code="o">KD 288 .A45 2009 V.3</subfield>
    <subfield code="p">000000002086</subfield>
    <subfield code="r">2025-11-24 15:52:00</subfield>
    <subfield code="t">C.3</subfield>
    <subfield code="w">2025-11-24</subfield>
    <subfield code="y">REF</subfield>
  </datafield>
</record>
